1374 1499 1798 1865 1128 1299 1987 1334 1820 1962 1929 1173 1141 1384 1250 1653 1666 1133 1919 1919 1762 1925 1398 1073 1905 1762 1381 1186 1014 1125 1648 1890 1932 1776 1020 1896 1912 1531 1078 1526 1640 1817 1223 1543 1573 1502 1447 1533 1414 1228 1003 1216 1945 1224 1352 1006 1039 1012 1826 1500 1224 1619 1394 1050 1461 1241 1403 1380 1204 1370 1355 1549 1199 1657 1118 1424 1159 1014 1194 1360 1345 1120 1058 1095 1104 1821 1842 1853 1932 1066 1666 1393 1533 1377 1473 1382 1339 1566 1002 BCNSPRNW ULIB Ver.6.0+V

เปลี่ยนเป็นภาษาไทย

Change to English
 แสดงรายละเอียดบรรณานุกรม
  กลับหน้าหลัก

Brief Record : Get Marc (ISO 2709) : E-mail record : QR code < ปิดหน้าต่าง
LEADER : 00000nas 2200000uu 4500
001    13399123094
003     ULIB
008    020711s|||| th a 000 0 tha d
022    08573743
110    สมาคมศิษย์เก่าพยาบาลกระทรวงสาธารณสุข
245    วารสารพยาบาลกระทรวงสาธารณสุข(วิทยาเขตนครสวรรค์)/^cสมาคมศิษย์เก่าพยาบาลกระทรวงสาธารณสุข
260    นนทบุรี :^bสมาคมศิษย์เก่าพยาบาลกระทรวงสาธารณสุข,^cม.ป.ป.
310    ^aรายสี่เดือน
850 ^a ULIB:campus^bปีที่ 23 ฉบับที่ 3
850 ^a ULIB^bปีที่ 25 ฉบับที่ 1 ฉ.1 ;ปีที่ 25 ฉบับที่ 2 ฉ.2 ;ปีที่ 25 ฉบับที่ 2 ฉ.1 ;ปีที่ 25 ฉบับที่ 3 ฉ.1 ;ปีที่ 25 ฉบับที่ 3 ฉ.2
945    ^p0^l0^i800775
945    ^p0^l0^i902988
945    ^p0^l0^i903264
945    ^p0^l0^i903263
945    ^p0^l0^i903547
945    ^p0^l0^i903548
999    ^aทศพร เกษรทอง
รายการนี้ยังไม่มีแท็ก
คุณยังไม่ได้ล็อกอิน คุณสามารถมีกิจกรรมร่วมกับเว็บไซต์ได้ แต่ต้องล็อกอินก่อน ::
  ล็อกอิน

รายการสื่อสารสนเทศ (วารสาร)

ดูแบบ: กล่อง รายการ
ARRIVED
ปีที่ 23 ฉบับที่ 3
สถานที่: ห้องสมุดวิทยาเขตนครสวรรค์ >วารสาร
ARRIVED
ปีที่ 25 ฉบับที่ 1 ฉ.1
สถานที่: ห้องสมุดวิทยาเขตสวรรค์ประชารักษ์ >หนังสือพิมพ์
ARRIVED
ปีที่ 25 ฉบับที่ 2 ฉ.2
สถานที่: ห้องสมุดวิทยาเขตสวรรค์ประชารักษ์ >หนังสือพิมพ์
ARRIVED
ปีที่ 25 ฉบับที่ 3 ฉ.1
สถานที่: ห้องสมุดวิทยาเขตสวรรค์ประชารักษ์ >หนังสือพิมพ์

BibComment


ยังไม่เคยถูกคอมเมนท์

คอมเมนท์ทรัพยากรรายการนี้
  คอมเมนท์: วารสารพยาบาลกระทร..


 Copyright 2026. Bcnsprnw @Library